[Event "NVM U16 2015"]
[Site "Kiel"]
[Date "2015.09.12"]
[Round "5.1"]
[White "Rieper, Julian"]
[Black "Rätzke von Stoyentin, Steffen"]
[Result "1-0"]
[WhiteElo "1976"]
[BlackElo "1983"]
[PlyCount "99"]
[EventDate "2015.??.??"]
[WhiteTeam "SK Doppelbauer Kiel"]
[BlackTeam "SC Aurich"]

1. e4 e5 2. Nf3 Nc6 3. Bb5 a6 4. Ba4 Nf6 5. O-O Be7 6. Re1 b5 7. Bb3 d6 8. c3
O-O 9. d4 exd4 10. cxd4 Bg4 11. h3 Bxf3 12. gxf3 Na5 13. Bc2 Qd7 14. Kh2 Rfd8
15. f4 Nc6 16. Nc3 b4 17. Ne2 d5 18. e5 Ne4 19. Qd3 b3 20. Qxb3 Nxf2 21. Qg3
Ne4 22. Bxe4 dxe4 23. Rg1 g6 24. Be3 Rab8 25. b3 Bb4 26. Qg2 Ne7 27. Qxe4 Qd5
28. Qxd5 Rxd5 29. Rgd1 Nf5 30. Bg1 Rbd8 31. a3 Bc5 32. Nc3 R5d7 33. dxc5 Rd2+
34. Bf2 Rxf2+ 35. Kg1 Rxd1+ 36. Rxd1 Rxf4 37. Nd5 Rf3 38. Nxc7 Rxb3 39. Rd8+
Kg7 40. Ne8+ Kh6 41. c6 Rxa3 42. Rd7 Rxh3 43. c7 Rc3 44. Nd6 Nd4 45. Nxf7+ Kh5
46. Nd6 h6 47. c8=Q Rxc8 48. Nxc8 Nf3+ 49. Kf2 Nxe5 50. Rd5 1-0

[Event "NVM U16 2015"]
[Site "Kiel"]
[Date "2015.09.12"]
[Round "5.2"]
[White "Neumann, Tiemon"]
[Black "Karlisch, Moritz"]
[Result "0-1"]
[WhiteElo "1720"]
[BlackElo "1767"]
[PlyCount "96"]
[EventDate "2015.??.??"]
[WhiteTeam "SC Aurich"]
[BlackTeam "SK Doppelbauer Kiel"]

1. e4 e5 2. Nf3 Nc6 3. d4 exd4 4. Nxd4 Nf6 5. Nc3 Bb4 6. Nxc6 bxc6 7. Bd3 d5 8.
exd5 cxd5 9. O-O O-O 10. Bg5 c6 11. Qf3 Be7 12. Rfe1 Rb8 13. Rab1 h6 14. Qg3
Bd6 15. Bxf6 Qxf6 16. Qf3 Qxf3 17. gxf3 Bh3 18. Ne2 Be5 19. c3 Rfe8 20. Nd4
Bxd4 21. cxd4 Kf8 22. Rxe8+ Kxe8 23. a3 Rb3 24. Bf1 Bxf1 25. Kxf1 Rd3 26. Ke2
Rxd4 27. b3 Kd7 28. h3 Rh4 29. Rh1 Kd6 30. Rg1 g6 31. Rh1 a5 32. Kd3 h5 33. Rh2
Rf4 34. Ke3 Ke5 35. Rh1 d4+ 36. Ke2 Kd5 37. Rc1 d3+ 38. Ke3 d2 39. Rd1 Rd4 40.
Rxd2 Rxd2 41. Kxd2 Kd4 42. Kc2 g5 43. Kd2 c5 44. Kc2 f5 45. Kd2 c4 46. Kc2 h4
47. b4 axb4 48. axb4 g4 0-1

[Event "NVM U16 2015"]
[Site "Kiel"]
[Date "2015.09.12"]
[Round "5.3"]
[White "Behringer, Tom"]
[Black "Henning, Yannick"]
[Result "1-0"]
[WhiteElo "1628"]
[BlackElo "1562"]
[PlyCount "59"]
[EventDate "2015.??.??"]
[WhiteTeam "SK Doppelbauer Kiel"]
[BlackTeam "SC Aurich"]

1. d4 Nf6 2. c4 e5 3. dxe5 Ng4 4. Bf4 Nc6 5. Nf3 Bb4+ 6. Nbd2 Qe7 7. e3 Ngxe5
8. Be2 d6 9. a3 Ba5 10. b4 Bb6 11. O-O O-O 12. Nb3 Ng6 13. Bg3 Re8 14. Rc1 a6
15. Re1 Be6 16. Nfd4 Nb8 17. Bf3 Bc8 18. c5 dxc5 19. bxc5 Ba7 20. Qc2 c6 21.
Bd6 Qf6 22. Rcd1 Nd7 23. Nxc6 bxc6 24. Bxc6 Rb8 25. Bxb8 Qxc6 26. Bxa7 Bb7 27.
f3 Ra8 28. Na5 Qc7 29. Nxb7 Qxb7 30. c6 1-0

[Event "NVM U16 2015"]
[Site "Kiel"]
[Date "2015.09.12"]
[Round "5.4"]
[White "Rajendram, Reanosh"]
[Black "Arndt, Magnus"]
[Result "0-1"]
[WhiteElo "1423"]
[BlackElo "1744"]
[PlyCount "106"]
[EventDate "2015.??.??"]
[WhiteTeam "SC Aurich"]
[BlackTeam "SK Doppelbauer Kiel"]

1. e4 e5 2. Nf3 Nc6 3. Bc4 Nf6 4. d3 Be7 5. Bb3 d6 6. c3 O-O 7. O-O Kh8 8. Nbd2
Ng8 9. Re1 f5 10. exf5 Bxf5 11. Ne4 Bg4 12. Kh1 Qe8 13. Ng3 Na5 14. Bc2 Bxf3
15. gxf3 Qf7 16. Be3 Qxf3+ 17. Qxf3 Rxf3 18. Rg1 Bh4 19. Nh5 Bxf2 20. Bxf2 Rxf2
21. Rac1 g6 22. Ng3 Rf7 23. Ne4 Raf8 24. Ng5 Re7 25. Rgf1 Rxf1+ 26. Rxf1 Kg7
27. b4 Nc6 28. Bb3 Nd8 29. Kg2 Nf6 30. h3 h6 31. Ne4 Nxe4 32. dxe4 Ne6 33. Kg3
Nf4 34. Bc4 c6 35. Rf2 d5 36. exd5 cxd5 37. Bf1 Rc7 38. Rf3 a6 39. a3 b5 40. h4
Kf6 41. Kf2 g5 42. hxg5+ hxg5 43. Re3 Kf5 44. Kg3 d4 45. cxd4 exd4 46. Re1 Rc3+
47. Kh2 Rxa3 48. Rd1 d3 49. Rd2 Ke4 50. Bxd3+ Rxd3 51. Rb2 g4 52. Ra2 g3+ 53.
Kg1 Rd1# 0-1

[Event "NVM U16 2015"]
[Site "Kiel"]
[Date "2015.09.12"]
[Round "5.1"]
[White "Hartge, Gedeon"]
[Black "Böhning, Kilian"]
[Result "1-0"]
[WhiteElo "1967"]
[BlackElo "2016"]
[PlyCount "69"]
[EventDate "2015.??.??"]
[WhiteTeam "USV Volksbank Halle"]
[BlackTeam "Hagener SV"]

1. d4 d5 2. c4 e6 3. Nc3 Nf6 4. Bg5 Be7 5. cxd5 exd5 6. e3 h6 7. Bf4 c6 8. Bd3
O-O 9. Qc2 Nh5 10. Be5 Nd7 11. Nf3 Nxe5 12. Nxe5 Bd6 13. O-O-O Bxe5 14. dxe5 f5
15. f4 g6 16. Rhg1 Qe8 17. g4 Ng7 18. h4 Be6 19. h5 fxg4 20. Bxg6 Qe7 21. Qe2
b5 22. Rdf1 Qd7 23. Qd2 b4 24. Ne2 c5 25. Ng3 b3 26. a3 d4 27. e4 c4 28. f5 c3
29. Qxh6 cxb2+ 30. Kxb2 Nxf5 31. exf5 Qc7 32. Rc1 Qb7 33. f6 Rac8 34. Be4 Rc2+
35. Rxc2 1-0

[Event "NVM U16 2015"]
[Site "Kiel"]
[Date "2015.09.12"]
[Round "5.2"]
[White "Balazs, Balint"]
[Black "Gröbel, Aaron"]
[Result "0-1"]
[WhiteElo "1894"]
[BlackElo "1843"]
[PlyCount "106"]
[EventDate "2015.??.??"]
[WhiteTeam "Hagener SV"]
[BlackTeam "USV Volksbank Halle"]

1. d4 Nf6 2. g4 h6 3. Bg2 d5 4. h3 e6 5. Nf3 c5 6. O-O Nc6 7. e3 Bd6 8. c3 O-O
9. Ne1 b5 10. f4 b4 11. Nd3 cxd4 12. exd4 Ba6 13. Qf3 bxc3 14. bxc3 Qb6 15. Kh1
Nxd4 16. cxd4 Qxd4 17. Nb2 Bxf1 18. Qxf1 Rfc8 19. Nd2 Rxc1 20. Qxc1 Bxf4 21.
Qc6 Rb8 22. Nf3 Qxb2 23. Rf1 Ne4 24. Kg1 Qb6+ 25. Qxb6 Rxb6 26. Ne1 Be3+ 27.
Kh2 Rb1 28. Nc2 Rxf1 29. Bxf1 Bf4+ 30. Kg2 Be5 31. Bd3 Nc3 32. a3 Bd6 33. Kf3
Bc5 34. Kf4 Kf8 35. h4 Ke7 36. g5 hxg5+ 37. hxg5 Kd6 38. g6 e5+ 39. Kf5 fxg6+
40. Kxg6 e4 41. Ba6 d4 42. Ne1 d3 43. Nxd3 exd3 44. Bxd3 Bd4 45. Kf5 Kc5 46.
Ke6 a5 47. Bc2 Nb5 48. a4 Nc3 49. Bg6 Nxa4 50. Kf5 Nc3 51. Be8 a4 52. Bxa4 Nxa4
53. Kg4 Kd5 0-1

[Event "NVM U16 2015"]
[Site "Kiel"]
[Date "2015.09.12"]
[Round "5.3"]
[White "Perekhozhuk, Maksym"]
[Black "Laubrock, Paul"]
[Result "1/2-1/2"]
[WhiteElo "1783"]
[BlackElo "1866"]
[PlyCount "99"]
[EventDate "2015.??.??"]
[WhiteTeam "USV Volksbank Halle"]
[BlackTeam "Hagener SV"]

1. e4 c5 2. Nf3 Nc6 3. d4 cxd4 4. Nxd4 e6 5. Nc3 Bb4 6. Ndb5 Nf6 7. a3 Bxc3+ 8.
Nxc3 d5 9. exd5 exd5 10. Bd3 O-O 11. O-O d4 12. Ne2 Bg4 13. f3 Bh5 14. Bg5 Qd6
15. Qd2 Rfe8 16. Nf4 Bg6 17. Nxg6 hxg6 18. Bh4 Nd5 19. Rfe1 Ne3 20. b3 Rac8 21.
Be4 f5 22. Rxe3 Qc5 23. Bd5+ Qxd5 24. Rxe8+ Rxe8 25. Bf2 Kf7 26. Rd1 Rd8 27.
Qd3 Qc5 28. b4 Qb6 29. Qc4+ Kf8 30. Qe6 Re8 31. Qxg6 Qb5 32. Qd6+ Kg8 33. Qd7
Re7 34. Qc8+ Kf7 35. Re1 Re2 36. Rxe2 Qxe2 37. Qxf5+ Kg8 38. Qd5+ Kh8 39. Qe4
Qd1+ 40. Be1 a6 41. Kf2 Qa1 42. Qe8+ Kh7 43. Qh5+ Kg8 44. Qd5+ Kh8 45. Qb3 Ne5
46. b5 a5 47. Bxa5 Qd1 48. Kg3 d3 49. Qe6 Qxc2 50. Qe8+ 1/2-1/2

[Event "NVM U16 2015"]
[Site "Kiel"]
[Date "2015.09.12"]
[Round "5.4"]
[White "Hoppe, Andreas"]
[Black "Kretzschmar, Arnd"]
[Result "1/2-1/2"]
[WhiteElo "1847"]
[BlackElo "1881"]
[PlyCount "63"]
[EventDate "2015.??.??"]
[WhiteTeam "Hagener SV"]
[BlackTeam "USV Volksbank Halle"]

1. d4 Nf6 2. Nc3 d5 3. Bf4 e6 4. f3 c5 5. e3 Nc6 6. Qd2 a6 7. g4 cxd4 8. exd4
Bd6 9. h4 h5 10. g5 Ng8 11. O-O-O Nge7 12. Nge2 Qc7 13. Bxd6 Qxd6 14. Nf4 Nxd4
15. Nfxd5 Nxd5 16. Qxd4 Qf4+ 17. Qxf4 Nxf4 18. Rd4 e5 19. Re4 Ng6 20. f4 Bf5
21. Re3 O-O-O 22. fxe5 Rhe8 23. Be2 Bg4 24. Bxg4+ hxg4 25. h5 Rxe5 26. Rg3 Nf4
27. Rxg4 Nxh5 28. Ne4 f5 29. gxf6 Nxf6 30. Nxf6 gxf6 31. Rf4 f5 32. c3 1/2-1/2

[Event "NVM U16 2015"]
[Site "Kiel"]
[Date "2015.09.12"]
[Round "5.1"]
[White "Scheinhütte, Jakob"]
[Black "Schnabel, Bennett"]
[Result "1/2-1/2"]
[WhiteElo "1884"]
[BlackElo "2034"]
[PlyCount "90"]
[EventDate "2015.??.??"]
[WhiteTeam "SV Empor Berlin e.V."]
[BlackTeam "SV Mattnetz Berlin e.V."]

1. e4 c5 2. Nf3 Nc6 3. Bb5 e5 4. O-O Bd6 5. c3 Nge7 6. d4 cxd4 7. cxd4 exd4 8.
Nxd4 a6 9. Ba4 b5 10. Bb3 Qc7 11. h3 O-O 12. Be3 Bb7 13. Nc3 Na5 14. Bc2 Nc4
15. Bc1 Be5 16. b3 Nb6 17. Bb2 d5 18. Nxd5 Nbxd5 19. exd5 Bxd5 20. Rc1 Qd6 21.
Re1 g6 22. Qe2 f6 23. Ba1 Rae8 24. Nf3 Bxa1 25. Rxa1 Nc6 26. Qxe8 Rxe8 27.
Rxe8+ Kf7 28. Re3 Bxf3 29. Rxf3 Qd2 30. Be4 Ne5 31. Re3 a5 32. a4 Qd4 33. Rc1
bxa4 34. bxa4 Qxa4 35. Bd5+ Ke7 36. f4 Qxf4 37. Rce1 Qd4 38. Bf3 a4 39. Kh1 Qc5
40. R3e2 Kf7 41. Be4 Kg7 42. Ra1 Qd4 43. Raa2 Qd1+ 44. Kh2 Qd6 45. g3 Qb4
1/2-1/2

[Event "NVM U16 2015"]
[Site "Kiel"]
[Date "2015.09.12"]
[Round "5.2"]
[White "Hesse, Henrik"]
[Black "Feyer, Leon"]
[Result "1/2-1/2"]
[WhiteElo "1903"]
[BlackElo "1729"]
[PlyCount "82"]
[EventDate "2015.??.??"]
[WhiteTeam "SV Mattnetz Berlin e.V."]
[BlackTeam "SV Empor Berlin e.V."]

1. e4 e5 2. Nf3 Nc6 3. Bc4 Bc5 4. c3 Nf6 5. d3 d6 6. O-O Be6 7. Nbd2 a6 8. b4
Ba7 9. Qb3 Qd7 10. Ng5 Bxc4 11. Nxc4 b5 12. Ne3 h6 13. Nf3 O-O 14. a4 Ne7 15.
Bd2 Bb6 16. c4 Qe6 17. Rfc1 c6 18. Qc2 Rfb8 19. cxb5 cxb5 20. axb5 axb5 21. Nh4
g6 22. Nd1 Kg7 23. Be3 Bxe3 24. Nxe3 Rc8 25. Qb2 Rxc1+ 26. Rxc1 Rc8 27. Ra1 Nc6
28. Nf3 Qd7 29. Qb3 Qb7 30. h3 Qb6 31. Rb1 Nd4 32. Nxd4 Qxd4 33. Nc2 Qc3 34.
Na3 Qc6 35. Rb2 Ra8 36. Nc2 d5 37. exd5 Nxd5 38. d4 exd4 39. Qd3 Qc3 40. Qxd4+
Qxd4 41. Nxd4 Ra4 1/2-1/2

[Event "NVM U16 2015"]
[Site "Kiel"]
[Date "2015.09.12"]
[Round "5.3"]
[White "Nelk, Gabor"]
[Black "Acikel, Mert"]
[Result "0-1"]
[WhiteElo "1517"]
[BlackElo "1807"]
[PlyCount "126"]
[EventDate "2015.??.??"]
[WhiteTeam "SV Empor Berlin e.V."]
[BlackTeam "SV Mattnetz Berlin e.V."]

1. c4 e6 2. Nc3 d5 3. cxd5 exd5 4. d4 Nf6 5. Nf3 Be7 6. e3 c6 7. Bd3 O-O 8. O-O
Nbd7 9. Qc2 Re8 10. Re1 Nf8 11. a3 Be6 12. Bd2 Rc8 13. b4 N6d7 14. Na4 b6 15.
e4 dxe4 16. Bxe4 Bd5 17. Bxd5 cxd5 18. Qb3 Nf6 19. Bf4 Ne6 20. Be5 Ne4 21. Rac1
Qd7 22. Nc3 Nxc3 23. Rxc3 Rxc3 24. Qxc3 Rc8 25. Qb2 Qc6 26. Re3 Bg5 27. Re1 Bc1
28. Qb3 Qc3 29. Qxc3 Rxc3 30. a4 Ba3 31. Re3 Rc1+ 32. Re1 Rxe1+ 33. Nxe1 Bxb4
34. Nc2 Bc3 35. Bb8 a6 36. Ba7 b5 37. axb5 axb5 38. Bc5 Nxc5 39. dxc5 Kf8 40.
Kf1 b4 41. Ke2 b3 42. Na3 Bb4 43. Nb1 Bxc5 44. Kd3 Bxf2 45. Kc3 Ke7 46. Kxb3
Kd6 47. Kc3 Bg1 48. h3 Ke5 49. Kd3 Kf4 50. Ke2 Kg3 51. Kf1 Bd4 52. Nd2 Be3 53.
Nf3 f6 54. Ne1 g5 55. Nd3 d4 56. Nc5 Kf4 57. Ke2 f5 58. Nd3+ Kg3 59. Kf1 f4 60.
Ne5 h5 61. Nd3 f3 62. gxf3 Kxf3 63. h4 g4 0-1

[Event "NVM U16 2015"]
[Site "Kiel"]
[Date "2015.09.12"]
[Round "5.4"]
[White "Klodt, Daniel"]
[Black "Alcer, Johanna"]
[Result "1-0"]
[WhiteElo "1639"]
[BlackElo "1180"]
[PlyCount "79"]
[EventDate "2015.??.??"]
[WhiteTeam "SV Mattnetz Berlin e.V."]
[BlackTeam "SV Empor Berlin e.V."]

1. e4 e5 2. Nf3 Nf6 3. Nc3 d6 4. d4 exd4 5. Nxd4 Be7 6. Be2 O-O 7. O-O Re8 8.
f4 c5 9. Nf3 Nc6 10. Bc4 Bf8 11. e5 dxe5 12. Qxd8 Rxd8 13. Nxe5 Be6 14. Bxe6
fxe6 15. Nxc6 bxc6 16. Re1 Re8 17. Ne4 e5 18. f5 Nxe4 19. Rxe4 Rad8 20. Be3 Kf7
21. Ra4 Rd7 22. Ra6 Kf6 23. g4 Red8 24. Rxc6+ Rd6 25. Rxd6+ Bxd6 26. Rd1 e4 27.
Kg2 a6 28. Bxc5 Ke7 29. Rxd6 Rxd6 30. Kf2 Kd7 31. Bxd6 Kxd6 32. c4 Ke5 33. Ke3
a5 34. b3 g6 35. fxg6 hxg6 36. h4 Kd6 37. Kxe4 Ke6 38. h5 gxh5 39. gxh5 Kf6 40.
c5 1-0

[Event "NVM U16 2015"]
[Site "Kiel"]
[Date "2015.09.12"]
[Round "5.1"]
[White "Killgus, Leonard"]
[Black "Greßmann, Moritz"]
[Result "1/2-1/2"]
[WhiteElo "1889"]
[BlackElo "2085"]
[PlyCount "40"]
[EventDate "2015.??.??"]
[WhiteTeam "SK Johanneum Eppendorf"]
[BlackTeam "BSV 63 Chemie Weißensee"]

1. e4 e6 2. d4 d5 3. Nd2 dxe4 4. Nxe4 Bd7 5. Nf3 Bc6 6. Ned2 Nf6 7. Be2 Nbd7 8.
c4 Be7 9. O-O O-O 10. b3 b6 11. Ne5 Bb7 12. Bf3 Bxf3 13. Ndxf3 Nxe5 14. Nxe5
Bd6 15. Qe2 c5 16. dxc5 Bxc5 17. Rd1 Qc7 18. Bf4 Bd6 19. Bg3 Rad8 20. Rd3 Bxe5
1/2-1/2

[Event "NVM U16 2015"]
[Site "Kiel"]
[Date "2015.09.12"]
[Round "5.2"]
[White "Fanin, Erik"]
[Black "Keyser, Robin"]
[Result "0-1"]
[WhiteElo "1733"]
[BlackElo "1722"]
[PlyCount "92"]
[EventDate "2015.??.??"]
[WhiteTeam "BSV 63 Chemie Weißensee"]
[BlackTeam "SK Johanneum Eppendorf"]

1. e4 e6 2. d4 d5 3. Nc3 Bb4 4. e5 c5 5. a3 Bxc3+ 6. bxc3 Ne7 7. Qg4 Qc7 8.
Qxg7 Rg8 9. Qxh7 cxd4 10. Ne2 dxc3 11. f4 Bd7 12. Qd3 Nbc6 13. Nxc3 Nf5 14. Rb1
O-O-O 15. a4 Na5 16. Nb5 Bxb5 17. Rxb5 Nc4 18. Ba3 b6 19. Rb3 Qd7 20. Rb4 Nfe3
21. Kf2 Nxa3 22. Qxa3 d4 23. Qb3 Qc6 24. Rg1 Qe4 25. Ba6+ Kd7 26. g3 Ng4+ 27.
Kf1 Nxh2+ 28. Kf2 Ng4+ 29. Kf1 Ne3+ 30. Kf2 Rh8 31. Rxd4+ Qxd4 32. Qxe3 Qxe3+
33. Kxe3 Kc7 34. Bd3 Rd5 35. Ke4 Ra5 36. Ra1 Rg8 37. Kf3 Kc6 38. c4 Rd8 39. Ke4
Kc5 40. Rb1 Rxa4 41. Rb5+ Kc6 42. g4 a6 43. Rb1 Kc5 44. Ke3 Ra3 45. Rd1 a5 46.
f5 Rd4 0-1

[Event "NVM U16 2015"]
[Site "Kiel"]
[Date "2015.09.12"]
[Round "5.3"]
[White "Keyser, Philipp"]
[Black "Fege, Julian"]
[Result "1-0"]
[WhiteElo "1795"]
[BlackElo "1595"]
[PlyCount "123"]
[EventDate "2015.??.??"]
[WhiteTeam "SK Johanneum Eppendorf"]
[BlackTeam "BSV 63 Chemie Weißensee"]

1. e4 c5 2. Nf3 Nc6 3. d4 cxd4 4. Nxd4 Nf6 5. Nc3 e5 6. Ndb5 d6 7. Bg5 a6 8.
Bxf6 gxf6 9. Na3 b5 10. Nd5 Be6 11. c3 Rc8 12. Nc2 Bxd5 13. Qxd5 Bh6 14. Rd1
Ke7 15. g3 Rc7 16. Bg2 Qd7 17. O-O Qe6 18. Bh3 Qxd5 19. Rxd5 Rd8 20. Bf5 Na5
21. Rfd1 Nc4 22. b3 Nb6 23. R5d3 Bg5 24. Bxh7 Bh6 25. Bf5 Bg5 26. Nb4 a5 27.
Nc2 b4 28. c4 Bh6 29. Ne1 Bg5 30. Nf3 Bh6 31. h4 Rc6 32. Nh2 Rg8 33. Ng4 Bg7
34. Ne3 Bh6 35. Nd5+ Nxd5 36. Rxd5 Ra8 37. Rb5 Ra7 38. Rdd5 Rca6 39. Kg2 Bg7
40. Kh3 Bh6 41. Rb8 Ra8 42. Rdb5 R6a7 43. Rxa8 Rxa8 44. Rb7+ Ke8 45. Rd7 Ra6
46. Kg4 Kf8 47. Kh5 Bg7 48. g4 a4 49. Rb7 axb3 50. axb3 Ra2 51. Rxb4 Rxf2 52.
Rb8+ Ke7 53. b4 Rc2 54. Rc8 Rb2 55. b5 Rb4 56. Rc6 Bf8 57. b6 Kd8 58. Rc8+ Ke7
59. Rc7+ Kd8 60. Rd7+ Ke8 61. b7 Rb6 62. Rc7 1-0

[Event "NVM U16 2015"]
[Site "Kiel"]
[Date "2015.09.12"]
[Round "5.4"]
[White "Schmidt, Florian Pascal"]
[Black "Meyerfeldt, Tim"]
[Result "1/2-1/2"]
[WhiteElo "1261"]
[BlackElo "1615"]
[PlyCount "43"]
[EventDate "2015.??.??"]
[WhiteTeam "BSV 63 Chemie Weißensee"]
[BlackTeam "SK Johanneum Eppendorf"]

1. e4 c5 2. c3 d5 3. exd5 Qxd5 4. d4 e6 5. Nf3 Nf6 6. Bd3 Nc6 7. O-O cxd4 8.
cxd4 Be7 9. Nc3 Qd8 10. Bf4 a6 11. Rc1 O-O 12. Re1 Nb4 13. Re2 b5 14. a3 Nbd5
15. Bg3 Bb7 16. Rec2 Nxc3 17. Rxc3 Nd5 18. R3c2 Rc8 19. Rxc8 Bxc8 20. Qc2 h6
21. Ne5 Bg5 22. Rd1 1/2-1/2

[Event "NVM U16 2015"]
[Site "Kiel"]
[Date "2015.09.12"]
[Round "5.1"]
[White "Uksini, Bardhyl"]
[Black "Speck, Jakob"]
[Result "1-0"]
[WhiteElo "2218"]
[BlackElo "1701"]
[PlyCount "71"]
[EventDate "2015.??.??"]
[WhiteTeam "Hamburger SK von 1830 eV"]
[BlackTeam "SK Weisse Dame Hamburg"]

1. d4 Nf6 2. c4 c5 3. d5 b5 4. cxb5 e6 5. Nc3 exd5 6. Nxd5 Bb7 7. e4 Nxd5 8.
exd5 d6 9. Nf3 g6 10. Bc4 Bg7 11. Bg5 Qa5+ 12. Bd2 Qd8 13. O-O O-O 14. Qc2 a6
15. a4 axb5 16. axb5 Nd7 17. Bc3 Bxc3 18. Qxc3 Qf6 19. Bb3 Rxa1 20. Rxa1 Rc8
21. Ra7 Ra8 22. Rxa8+ Bxa8 23. Nd2 Qe5 24. Qxe5 Nxe5 25. f4 Nd3 26. Ne4 Nxb2
27. Nxd6 c4 28. Bxc4 Nxc4 29. Nxc4 Bxd5 30. Na5 f5 31. b6 Kg7 32. b7 Bxb7 33.
Nxb7 h6 34. Kf2 g5 35. Ke3 Kf6 36. g3 1-0

[Event "NVM U16 2015"]
[Site "Kiel"]
[Date "2015.09.12"]
[Round "5.2"]
[White "Lam, Daniel"]
[Black "Rogozenco, Teodora"]
[Result "1-0"]
[WhiteElo "1562"]
[BlackElo "2057"]
[PlyCount "55"]
[EventDate "2015.??.??"]
[WhiteTeam "SK Weisse Dame Hamburg"]
[BlackTeam "Hamburger SK von 1830 eV"]

1. e4 c5 2. Nc3 Nc6 3. g3 e6 4. Bg2 g6 5. f4 Bg7 6. Nf3 Nge7 7. d3 O-O 8. O-O
d5 9. e5 f6 10. exf6 Bxf6 11. Qe1 a6 12. Nd1 Qd6 13. Nf2 Nd4 14. Nxd4 Bxd4 15.
c3 Bg7 16. Ng4 Nc6 17. Qe2 Re8 18. Qf3 Bd7 19. Bd2 b5 20. Rae1 b4 21. Ne5 Nxe5
22. fxe5 Bxe5 23. Rxe5 Qxe5 24. Qf7+ Kh8 25. Qxd7 Rf8 26. Bf4 Qe2 27. Bf3 Rad8
28. Qc7 1-0

[Event "NVM U16 2015"]
[Site "Kiel"]
[Date "2015.09.12"]
[Round "5.3"]
[White "Wolfram, Tom"]
[Black "Popist, Florian"]
[Result "0-1"]
[WhiteElo "1626"]
[BlackElo "1601"]
[PlyCount "53"]
[EventDate "2015.??.??"]
[WhiteTeam "Hamburger SK von 1830 eV"]
[BlackTeam "SK Weisse Dame Hamburg"]

1. e4 c5 2. Nf3 e6 3. b3 d6 4. Bb5+ Nd7 5. Bb2 Ngf6 6. e5 dxe5 7. Nxe5 Be7 8.
O-O O-O 9. Bxd7 Nxd7 10. Nxd7 Bxd7 11. d3 Bc6 12. Nd2 b5 13. Ne4 Bxe4 14. dxe4
Qxd1 15. Raxd1 Rfd8 16. f4 c4 17. Rd4 Bc5 18. c3 b4 19. Rfd1 Bxd4+ 20. cxd4 c3
21. Bc1 Rac8 22. Kf2 a5 23. Ke3 Kf8 24. Rf1 f5 25. e5 Ke7 26. Kd3 Rd7 27. Kc2
0-1

[Event "NVM U16 2015"]
[Site "Kiel"]
[Date "2015.09.12"]
[Round "5.4"]
[White "Lam, Marvin"]
[Black "Odzini, Kerim"]
[Result "1-0"]
[WhiteElo "1331"]
[BlackElo "1440"]
[PlyCount "62"]
[EventDate "2015.??.??"]
[WhiteTeam "SK Weisse Dame Hamburg"]
[BlackTeam "Hamburger SK von 1830 eV"]

1. e4 e5 2. Nf3 Nc6 3. Bc4 Bc5 4. c3 Nf6 5. d3 d6 6. Bb3 h6 7. Nbd2 O-O 8. h3
Ne7 9. O-O Ng6 10. Nc4 Re8 11. Ne3 c6 12. Nf5 Bxf5 13. exf5 Nf4 14. Bxf4 exf4
15. Nh4 h5 16. Qf3 Ng4 17. Ng6 Ne5 18. Qxh5 Nxg6 19. fxg6 Re5 20. gxf7+ Kf8 21.
Qh8+ Ke7 22. Qxg7 Qf8 23. Qg8 Bb6 24. Rae1 Rxe1 25. Rxe1+ Kd7 26. Qg4+ Kc7 27.
Qe6 Bxf2+ 28. Kxf2 d5 29. Qe7+ Kb6 30. Qxf8 Rxf8 31. Re8 Rxf7 1-0

[Event "NVM U16 2015"]
[Site "Kiel"]
[Date "2015.09.12"]
[Round "5.1"]
[White "Schmekel, Florian"]
[Black "Tiedemann, Fin Niklas"]
[Result "1/2-1/2"]
[WhiteElo "1891"]
[BlackElo "1798"]
[PlyCount "64"]
[EventDate "2015.??.??"]
[WhiteTeam "SAV Torgelow-Drögeheide 90"]
[BlackTeam "Lübecker SV von 1873"]

1. d4 Nf6 2. c4 g6 3. Nc3 Bg7 4. e4 d6 5. Be2 O-O 6. Bg5 Nbd7 7. Qd2 e5 8. d5
a5 9. h4 Nc5 10. f3 Qd7 11. g4 b6 12. Bh6 Ne8 13. Bxg7 Kxg7 14. h5 Qe7 15. hxg6
fxg6 16. Qh6+ Kg8 17. Nh3 Qg7 18. Ng5 Nf6 19. Kd2 Bd7 20. Rh2 Qxh6 21. Rxh6 Kg7
22. Rah1 Rh8 23. b3 Rae8 24. Nd1 Re7 25. Nb2 Nb7 26. a3 Nd8 27. b4 Nf7 28. Nxf7
Rxf7 29. R6h2 Rff8 30. g5 Nh5 31. b5 Rf7 32. Nd3 Nf4 1/2-1/2

[Event "NVM U16 2015"]
[Site "Kiel"]
[Date "2015.09.12"]
[Round "5.2"]
[White "Dörp, Max Marian"]
[Black "Kasel, Alexander"]
[Result "0-1"]
[WhiteElo "1620"]
[BlackElo "1689"]
[PlyCount "55"]
[EventDate "2015.??.??"]
[WhiteTeam "Lübecker SV von 1873"]
[BlackTeam "SAV Torgelow-Drögeheide 90"]

1. c4 e5 2. g3 d5 3. d3 dxc4 4. dxc4 Qxd1+ 5. Kxd1 Be6 6. Bg2 Nc6 7. Bxc6+ bxc6
8. b3 Bc5 9. f3 Bd4 10. Nc3 Bxc3 11. Rb1 Nf6 12. e4 O-O 13. Kc2 Bd4 14. Ne2
Rfd8 15. g4 Nd7 16. h4 Nc5 17. Bg5 f6 18. Bd2 a5 19. a4 Bf2 20. Rbf1 Nd3 21.
Rh2 Bc5 22. Rfh1 Nb4+ 23. Kc1 Rd3 24. Bc3 Na2+ 25. Kc2 Rxf3 26. g5 Nxc3 27.
Nxc3 Bd4 28. Rh3 0-1

[Event "NVM U16 2015"]
[Site "Kiel"]
[Date "2015.09.12"]
[Round "5.3"]
[White "Trömer, Felix"]
[Black "Kroschel, Anton"]
[Result "1/2-1/2"]
[WhiteElo "1481"]
[BlackElo "1494"]
[PlyCount "62"]
[EventDate "2015.??.??"]
[WhiteTeam "SAV Torgelow-Drögeheide 90"]
[BlackTeam "Lübecker SV von 1873"]

1. e4 c5 2. Nf3 e6 3. d3 d5 4. Nbd2 Nc6 5. g3 Nf6 6. Bg2 Be7 7. O-O Qc7 8. Re1
dxe4 9. dxe4 O-O 10. c3 Rd8 11. Qe2 b6 12. Nf1 Bb7 13. e5 Nd5 14. Ng5 h6 15.
Nh3 Bf8 16. Nf4 Nxf4 17. Bxf4 Ne7 18. Ne3 g5 19. Qg4 Bxg2 20. Nxg2 Ng6 21. Bxg5
hxg5 22. Qxg5 Bg7 23. f4 Qe7 24. Qg4 Rd2 25. h4 Kh7 26. h5 Nh8 27. Qf3 Rad8 28.
f5 R8d3 29. f6 Rxf3 30. fxe7 Rxg3 31. e8=Q Rgxg2+ 1/2-1/2

[Event "NVM U16 2015"]
[Site "Kiel"]
[Date "2015.09.12"]
[Round "5.4"]
[White "Stülcken, Philipp"]
[Black "Bollnow, Alex"]
[Result "0-1"]
[WhiteElo "1438"]
[BlackElo "1353"]
[PlyCount "90"]
[EventDate "2015.??.??"]
[WhiteTeam "Lübecker SV von 1873"]
[BlackTeam "SAV Torgelow-Drögeheide 90"]

1. e4 c5 2. Nf3 Nc6 3. d4 cxd4 4. Nxd4 g6 5. Nc3 Bg7 6. Be3 Nf6 7. g3 O-O 8.
Bg2 d6 9. O-O Ng4 10. Nxc6 bxc6 11. Bd2 Be6 12. a3 Ne5 13. b3 Qc7 14. Rb1 Rab8
15. Qc1 c5 16. Nd5 Bxd5 17. exd5 c4 18. b4 c3 19. Bg5 Nc4 20. Re1 Rfe8 21. Bf1
Kf8 22. h4 a5 23. Re4 Ne5 24. Bg2 axb4 25. axb4 Qb6 26. Rb3 Rbc8 27. Qd1 Nc4
28. Qe2 Ne5 29. h5 Qa7 30. Kh2 gxh5 31. Qxh5 Qxf2 32. Rf4 Qxc2 33. Ra3 Qg6 34.
Qh4 c2 35. Ra1 c1=Q 36. Rxc1 Rxc1 37. Be4 Qxe4 38. Rxe4 Nf3+ 39. Kh3 Rh1+ 40.
Kg2 Rxh4 41. Bxh4 Nxh4+ 42. Rxh4 Rb8 43. Rc4 Bf6 44. Kf3 e6 45. dxe6 fxe6 0-1

[Event "NVM U16 2015"]
[Site "Kiel"]
[Date "2015.09.12"]
[Round "5.1"]
[White "Kiesel, Lucas"]
[Black "Schumacher, Ole"]
[Result "0-1"]
[WhiteElo "1735"]
[BlackElo "1673"]
[PlyCount "91"]
[EventDate "2015.??.??"]
[WhiteTeam "SV Laatzen"]
[BlackTeam "SF Schwerin"]

1. Nf3 Nf6 2. g3 g6 3. Bg2 Bg7 4. O-O O-O 5. d3 d5 6. Nbd2 d4 7. Nb3 Nc6 8. e3
dxe3 9. fxe3 Bg4 10. h3 Be6 11. Nbd4 Nxd4 12. Nxd4 Bd5 13. e4 Bxa2 14. Be3 Be6
15. Nxe6 fxe6 16. Bxa7 b6 17. Kh2 c6 18. Ra6 Qc8 19. Qa1 Qb7 20. Qa2 Kh8 21.
Ra1 Nd7 22. Qa3 Rfe8 23. Ra2 Be5 24. h4 Qc7 25. d4 Bxd4 26. Qd3 Be5 27. Bh3
Rad8 28. Qe3 Rf8 29. Kg2 Rf6 30. Bg4 Rdf8 31. Be2 Qd6 32. c3 Nc5 33. Rxb6 Bxg3
34. Qxg3 Rf2+ 35. Qxf2 Rxf2+ 36. Kxf2 Qf4+ 37. Ke1 Nxe4 38. Rb8+ Kg7 39. Bd4+
Kh6 40. Rd8 Qc1+ 41. Bd1 Qd2+ 42. Kf1 Qxd1+ 43. Kg2 Qe2+ 44. Kg1 Qg4+ 45. Kf1
Qxh4 46. Be3+ {Partie nicht rekonstruierbar} 0-1

[Event "NVM U16 2015"]
[Site "Kiel"]
[Date "2015.09.12"]
[Round "5.2"]
[White "Focke, Adrian"]
[Black "Korb, Ruben"]
[Result "1/2-1/2"]
[WhiteElo "1643"]
[BlackElo "1656"]
[PlyCount "82"]
[EventDate "2015.??.??"]
[WhiteTeam "SF Schwerin"]
[BlackTeam "SV Laatzen"]

1. e4 e5 2. Nf3 Nc6 3. d4 exd4 4. Nxd4 Nf6 5. Nxc6 bxc6 6. e5 Nd5 7. c4 Bb4+ 8.
Bd2 Bxd2+ 9. Qxd2 Nb6 10. Nc3 Bb7 11. Bd3 O-O 12. O-O Re8 13. Rfe1 d6 14. exd6
cxd6 15. b3 Qd7 16. Rxe8+ Rxe8 17. Re1 Rxe1+ 18. Qxe1 Qe6 19. Kf1 Ba6 20. Bf5
Qxe1+ 21. Kxe1 Bc8 22. Bxc8 Nxc8 23. Ne4 Kf8 24. Kd2 Ke7 25. Kd3 f6 26. b4 f5
27. Nc3 Kd7 28. b5 Nb6 29. a4 d5 30. cxd5 cxd5 31. Kd4 Kd6 32. h4 f4 33. f3 g6
34. Ne2 Nxa4 35. Nxf4 Nb6 36. g4 Nc4 37. Nxd5 Ne5 38. Ke4 Nxf3 39. h5 Nd2+ 40.
Kd4 Nf3+ 41. Ke4 Nd2+ 1/2-1/2